Differential algebra.

Guardado en:
Autor Principal: Ritt, Joseph Fels, 1893-1951.
Formato: Libro
Idioma:English
Publicado: New York : American Mathematical Society, 1950.
Series:Colloquium publications (American Mathematical Society) ; v. 33.
Materias:
Etiquetas: Agregar Etiqueta
Sin Etiquetas, Sea el primero en etiquetar este registro!
LEADER 00741cam a22002171a 4500
001 MAT.inmabb005961
008 721110s1950####nyu###########000#0#eng##
005 20170605120528.0
245 1 0 |a Differential algebra. 
260 |a New York :  |b American Mathematical Society,  |c 1950. 
300 |a viii, 184 p. ;  |c 26 cm. 
490 1 |a American Mathematical Society. Colloquium publications ;  |v v. 33 
504 |a Bibliografía: p. 180-181. 
510 4 |a MR,  |c MR0035763 
100 1 |a Ritt, Joseph Fels,  |d 1893-1951. 
830 0 |a Colloquium publications (American Mathematical Society) ;  |v v. 33. 
650 0 |a Differential equations. 
084 |a 12H05  |2 MR 
010 |a  50008228  
040 |a DLC  |c OKentU  |d DLC 
859 |h 12  |i R613  |p A-4787  |b BIB. MATEMATICA